| 000 | 00667nam a2200229 a 4500 | ||
|---|---|---|---|
| 999 |
_c4152 _d4152 |
||
| 001 | 4152 | ||
| 003 | BD-JhCC | ||
| 005 | 20171123173537.0 | ||
| 008 | 171123s2008 bg |||| ||a| 000 0 ben d | ||
| 020 | _a9847000601469 | ||
| 035 | _a(BD-JhCC)4152 | ||
| 040 |
_aBD-JhCC _dBD-JhCC |
||
| 041 | _aben | ||
| 082 |
_a891.4415 _bISL 2008 |
||
| 100 | _aইসলাম, শফিকুল | ||
| 245 |
_aমেঘ ভাঙা রোদ্দুর / _cশফিকুল ইসলাম |
||
| 260 |
_aঢাকা : _bআগামী প্রকাশনী, _c২০০৮. |
||
| 300 |
_a48 p. : _c21 cm. |
||
| 650 | _aBengali Poem | ||
| 942 |
_2ddc _cBK |
||